BUBT Library Online Catalog

৭১ এর দশমাস / (Record no. 6060)

000 -LEADER
fixed length control field 00639nam a22001817a 4500
003 - CONTROL NUMBER IDENTIFIER
control field BUBTL
008 - FIXED-LENGTH DATA ELEMENTS--GENERAL INFORMATION
fixed length control field 190513b xxu||||| |||| 00| 0 eng d
020 ## - INTERNATIONAL STANDARD BOOK NUMBER
International Standard Book Number 984-70133-0124-8
082 ## - DEWEY DECIMAL CLASSIFICATION NUMBER
Classification number 954.925 / T7396e
100 ## - MAIN ENTRY--PERSONAL NAME
9 (RLIN) 2332
Personal name ত্রিবেদী, রবীন্দ্রনাথ
245 ## - TITLE STATEMENT
Title ৭১ এর দশমাস /
Statement of responsibility, etc. রবীন্দ্রনাথ ত্রিবেদী
260 ## - PUBLICATION, DISTRIBUTION, ETC. (IMPRINT)
Place of publication, distribution, etc. ঢাকা :
Name of publisher, distributor, etc. কাকলী,
Date of publication, distribution, etc. c1997
300 ## - PHYSICAL DESCRIPTION
Extent 873 p. :
Dimensions 22 cm.
650 #0 - SUBJECT ADDED ENTRY--TOPICAL TERM
9 (RLIN) 1689
Topical term or geographic name as entry element বাংলা সাহিত্য
856 ## - ELECTRONIC LOCATION AND ACCESS
Password 0
Logon 0
Link text Download
942 ## - ADDED ENTRY ELEMENTS (KOHA)
Source of classification or shelving scheme
Koha item type Books
Holdings
Withdrawn status Lost status Source of classification or shelving scheme Damaged status Not for loan Collection code Permanent location Current location Shelving location Date acquired Inventory number Total Checkouts Full call number Barcode Date last seen Copy number Price effective from Koha item type Source of acquisition
          Fiction Bangladesh University of Business and Technology Library Bangladesh University of Business and Technology Library Fiction 10/22/2016 22558   954.92 / TRE BUBTL-200322558 05/13/2019 C-1 05/13/2019 Books  
          Non-fiction Bangladesh University of Business and Technology Library Bangladesh University of Business and Technology Library   10/22/2016 22557   954.925 / T7396e BUBTL-200322557 02/06/2020 C-2 02/06/2020 Books Purchase

More Information About Library

Library Hours

  • Open: 9.00 am. to 9.00 pm.
  • Only Sunday: 9.00 am. to 6.00 pm.
  • Closed: Holiday

Contact to the University

Bangladesh University of Business and Technology Library

  • Mirpurl-2, 1216.
  • Phone:
  • Fax:
  • E-Mail: admin.library@bubt.edu.bd

Contact to the Library

Contact Person:

Md. Abdul Hakim Shah
Joint Librarian
PABX No:  113
Cell No: 01816332931
E-mail: official: admin.library@bubt.edu.bd
Personal: hakim.shah@bubt.edu.bd


BUBT Library

Copyright © 2021